000 01834cab a22001935a 4500
001 L140196
008 070911e20070607xxk f v 000 0 eng d
035 _a(Sirsi) u140196
041 0 _aeng
245 0 0 _aLyndendown Ltd v Vitamol Ltd
_h[electronic resource]
260 _c2007
520 _a[2007] EWCA Civ 826 6 July 2007. Court of Appeal (Civil division). Case No: B/1/2006/1436. Case concerned the rights and obligations of landlord and tenant for repairs under a business lease. The appellant owned the freehold reversion of two units on an industrial estate. The respondent's tenancy of the units was subject to Part II of the Landlord and Tenant Act 1954 and contained a covenant to deliver up the property and to pay for any dilapidations. The appellant granted the tenant a license to sublet the units to a third party bound to observe and perform the covenants in the headlease, but in a side letter the tenant's parent company gave an undertaking to the sub-tenant that its obligations to repair would be limited to making the property wind and watertight. After the headlease expired the sub-tenant remained in occupation. Appellant commenced proceedings against the tenant for breach of the repairing covenants. Issues: whether appellant was entitled to any damages for dilapidations; whether a side letter resulted in diminution in value of reversion. Held: appeal dismissed. The side letter did not affect the value of the reversion and there was no error of law in the original decision.
590 _aKA
650 2 4 _aLYNDENDOWN LTD V VITAMOL LTD
650 2 4 _aLANDLORD AND TENANT ACT 1954
690 _aPROPERTY-COMMERCIAL PROPERTY-LANDLORD AND TENANT-BUSINESS LEASES
856 4 0 _uhttps://www.bailii.org/ew/cases/EWCA/Civ/2007/826.html
_vView this transcript free of charge at www.bailii.org...
942 _n0
999 _c79226
_d79226